000 01186cad a22002295a 4500
001 L140034
008 070830e20070820 d f s 000 0 eng u
035 _a(Sirsi) u140034
041 0 _aeng
050 _a333.33 $2 18
110 2 _aRightmove
245 0 0 _aRightmove house price index
_bAugust 2007
_h[electronic resource]
260 _aLondon
_bRightmove
_c2007
490 0 0 _aRightmove House Price Index
_vAugust 2007
520 _aShows that the trend of modest monthly price increases has continued into August. The national average asking price has risen by 0.6%. London prices have fallen for the first time since August 2006. Sellers are having to realign their expectations as buyers' affordability limits have been reached. The current trend would appear consistent with house price rises matching wage increases for the foreseeable future.
590 _aKA NTK
650 2 4 _aRIGHTMOVE HOUSE PRICE INDEX
651 4 _aUnited Kingdom
_y
690 _aPROPERTY-RESIDENTIAL PROPERTY-RESIDENTIAL PROPERTY MARKET
856 4 0 _uhttps://www.rightmove.co.uk/template/publicsite%2Caboutus%2CRTPRArchive.vm
_zView the index free of charge at www.rightmove.co.uk...
942 _n0
999 _c107408
_d107408